000 00547nab a2200157Ia 4500
003 ES-SlBCS
005 20210601151017.0
008 140529s2012 xxu||||| |||| 00| 0 spa d
041 _aspa
100 1 _aRoselll, Antoni
_9328899
245 0 0 _aLa sensibilidad del clima al dióxido de carbono
_c Antoni Roselll, Andreas Schmittner
650 0 4 _aCalentamiento Global
_9128215
700 1 _aSchmittner, Andreas
_9328900
773 0 _tInvestigacion y Ciencia (Traducción de: Scientific American)
_gnº. 435, 2012, págs. 14-15
_wRev1650
942 _cAR
999 _c750364
_d750364